Statistics for 35 Random Missing Countries on a Map

Click here to take the quiz!

General Stats

  • This quiz has been taken 83 times
  • The average score is 29 of 35

Answers on the Map

Answers color-coded by a green-red scale on the quiz's map according to % correct below.
 

Answer Stats

Country% Correct
Afghanistan
100%
Albania
100%
Algeria
100%
Angola
100%
Argentina
100%
Austria
100%
Bangladesh
100%
Belarus
100%
Belgium
100%
Benin
100%
Bolivia
100%
Bosnia and
Herzegovina
100%
Botswana
100%
Brazil
100%
Bulgaria
100%
Burkina Faso
100%
Canada
100%
Central African Republic
100%
Chad
100%
China
100%
Colombia
100%
Costa Rica
100%
Czech Republic
100%
Democratic Republic
of the Congo
100%
Dominican Republic
100%
Ecuador
100%
Finland
100%
France
100%
Germany
100%
Guinea
100%
Guyana
100%
Hungary
100%
India
100%
Iran
100%
Italy
100%
Ivory Coast
100%
Kazakhstan
100%
Kyrgyzstan
100%
Libya
100%
Mali
100%
Mauritania
100%
Mexico
100%
Namibia
100%
Nepal
100%
Nicaragua
100%
Niger
100%
North Macedonia
100%
Norway
100%
Paraguay
100%
Peru
100%
Philippines
100%
Poland
100%
Romania
100%
Russia
100%
Saudi Arabia
100%
South Sudan
100%
Spain
100%
Sudan
100%
Sweden
100%
Switzerland
100%
Tunisia
100%
Turkey
100%
Ukraine
100%
United Kingdom
100%
United States
100%
Venezuela
100%
Zambia
100%
Ghana
94%
Pakistan
94%
Indonesia
93%
Nigeria
93%
Croatia
92%
Egypt
92%
Mongolia
92%
Myanmar
92%
Armenia
91%
Cameroon
91%
Uzbekistan
91%
Ethiopia
90%
Kenya
90%
Togo
90%
Uganda
90%
Guatemala
89%
Japan
89%
South Africa
89%
Jordan
88%
Laos
88%
Liberia
88%
Papua New Guinea
88%
Senegal
88%
Slovenia
88%
Somalia
88%
Tanzania
88%
Turkmenistan
88%
Uruguay
88%
Gabon
86%
Georgia
86%
Syria
86%
Tajikistan
86%
Zimbabwe
86%
Iraq
85%
Morocco
85%
Panama
85%
Haiti
83%
Portugal
83%
Sierra Leone
83%
Vietnam
83%
Suriname
82%
Moldova
81%
Australia
80%
Chile
80%
Greece
80%
Guinea-Bissau
80%
Kosovo
80%
Lithuania
80%
Madagascar
80%
Malaysia
80%
Netherlands
80%
Oman
80%
Serbia
79%
Honduras
78%
Cambodia
77%
Seychelles
77%
Taiwan
77%
Azerbaijan
75%
Burundi
75%
Cuba
75%
Denmark
75%
Ireland
75%
Lesotho
75%
New Zealand
75%
Slovakia
75%
Thailand
75%
Eritrea
73%
Fiji
73%
Lebanon
73%
Rwanda
73%
Jamaica
71%
Latvia
71%
Solomon Islands
71%
Yemen
71%
Estonia
70%
Malawi
70%
Mauritius
70%
Tuvalu
69%
Bahamas
67%
Bhutan
67%
Iceland
67%
Maldives
67%
Sri Lanka
67%
Cape Verde
64%
Micronesia
64%
Nauru
63%
Palau
63%
Belize
62%
El Salvador
61%
Equatorial Guinea
60%
Republic of the Congo
60%
United Arab Emirates
60%
Djibouti
57%
São Tomé and Príncipe
57%
Kiribati
56%
Marshall Islands
56%
Mozambique
56%
Gambia
55%
Montenegro
55%
Tonga
55%
Cyprus
53%
Israel
50%
Samoa
50%
South Korea
46%
Luxembourg
45%
Comoros
44%
Eswatini
44%
Vanuatu
44%
East Timor
42%
Kuwait
30%
Trinidad and Tobago
25%
Malta
22%
Qatar
22%
North Korea
20%

Score Distribution

Percentile by Number Answered

Percent of People with Each Score

Your Score History

You have not taken this quiz